| 000 | 01622cam a2200361 i 4500 | ||
|---|---|---|---|
| 001 | 991061597623506706 | ||
| 003 | ES-BaIT | ||
| 005 | 20260306082729.0 | ||
| 008 | 260130q17461774sp 000 d spa c | ||
| 040 |
_aES-BaIT _bcat _erda _cES-BaIT |
||
| 080 | _a860-2"16" | ||
| 100 | 1 |
_aLeón Marchante, Manuel de, _d1631-1680 _eautor _929263 |
|
| 245 | 1 | 0 | _aEntremes de los pages golosos |
| 246 | 3 | 0 | _aPages golosos |
| 264 | 1 |
_aSe hallará en Valencia : _ben la Imprenta de Agustin Laborda, vive en la Bolsería, _c[entre 1749 i 1774] |
|
| 300 |
_a8 pàgines : _c8º |
||
| 336 |
_atext _btxt _2rdacontent |
||
| 337 |
_asense mediació _bn _2rdamedia |
||
| 338 |
_avolum _bnc _2rdacarrier |
||
| 500 | _aDades d'edició obtingudes del colofó | ||
| 510 | 4 | _aBarrera y Leirado. Catálogo bibliográfico y biográfico del teatro antiguo español, p. 717 | |
| 533 | _aReproducció digital disponible a Biblioescènic | ||
| 593 |
_bVIT-083/04. _cRelligat en volum factici. En realitat són 5 exemplars diferents intercal·lats amb les pàgines barrejades. _gExemplar digitalitzat per Crossland. _hArtur Sedó |
||
| 655 | 7 |
_aEntremesos castellans _yS. XVII _2lemac _9107584 |
|
| 700 | 1 |
_aLaborda i Campo, Agustí, _d-aproximadament 1774 _eimpressor _9158525 |
|
| 730 | 0 |
_aCol·lecció digital Biblioescènic del MAE _969172 |
|
| 752 |
_aEspaña _dValència |
||
| 856 | 4 | 1 |
_zAccés lliure (Biblioescènic) _uhttps://books.cdmae.cat/visorpdf/?recurs=SV0083-04 |
| 856 | 4 | 1 |
_zAccés lliure (BNE Digital) _uhttps://bnedigital.bne.es/bd/card?oid=0000255065&site=bdh |
| 908 | _aCDMAE | ||
| 940 | _aCDMAE | ||
| 942 |
_2udc _cDIGITAL |
||
| 999 |
_c136970 _d136970 |
||